000 00560nam a22002177a 4500
003 UA-OsUOA
001 38983
007 ta
008 20060602b un ||||| |||| 00| 0 ukr d
100 _aМошняга Людмила
090 _a32
_bМ11
942 _cSA
040 _aUA-OsUOA
_bukr
_cUA-OsUOA
_dUA-OsUOA
245 _aНаписати заяви на звільнення
300 _a1 с.
955 _a0
041 _aukr
080 _a32
773 0 _w38982
_tВільне слово
_dРівне
_d2006
_g42
650 7 _a32 Політика
_2UDC
999 _c325007
_d325007